Ley 100 1993 : (Registro nro. 4077)

Detalles MARC
000 -LEADER
fixed length control field 01091nam a2200277Ia 4500
003 - CONTROL NUMBER IDENTIFIER
control field OSt
005 - DATE AND TIME OF LATEST TRANSACTION
control field 20200814140536.0
008 - FIXED-LENGTH DATA ELEMENTS--GENERAL INFORMATION
fixed length control field 191128s1996 ck grl f000 0 spa d
020 ## - INTERNATIONAL STANDARD BOOK NUMBER
International Standard Book Number 9586480682
040 ## - CATALOGING SOURCE
Original cataloging agency CO-JMCR
Transcribing agency CO-JMCR
041 0# - LANGUAGE CODE
Language code of text/sound track or separate title spa
082 04 - DEWEY DECIMAL CLASSIFICATION NUMBER
Classification number 344.86102026 /
Item number C718l
Edition number 23
110 1# - MAIN ENTRY--CORPORATE NAME
Corporate name or jurisdiction name as entry element Colombia.
9 (RLIN) 8040
240 10 - UNIFORM TITLE
Uniform title Leyes, decretos, etc.
245 10 - TITLE STATEMENT
Title Ley 100 1993 :
Remainder of title diciembre 23 sistema de seguridad social /
250 ## - EDITION STATEMENT
Edition statement Segunda edición
260 ## - PUBLICATION, DISTRIBUTION, ETC.
Place of publication, distribution, etc. Bogotá :
Name of publisher, distributor, etc. Ecoe,
Date of publication, distribution, etc. 1996
300 ## - PHYSICAL DESCRIPTION
Extent 178 páginas ;
Dimensions 17 cm.
490 0# - SERIES STATEMENT
Series statement Leyes de Colombia
505 0# - FORMATTED CONTENTS NOTE
Formatted contents note Título preliminar -- Sistema de seguridad social integral -- Principios generales -- Sistema de seguridad social integral -- sistema general de pensiones -- Disposiciones generales -- Objetivo y características del sistema general de pensión
650 14 - SUBJECT ADDED ENTRY--TOPICAL TERM
Topical term or geographic name entry element Leyes Colombianas
General subdivision seguridad social
9 (RLIN) 8796
650 14 - SUBJECT ADDED ENTRY--TOPICAL TERM
Topical term or geographic name entry element Sistema de pensiones
Geographic subdivision Colombia
9 (RLIN) 8797
650 14 - SUBJECT ADDED ENTRY--TOPICAL TERM
Topical term or geographic name entry element Legislación sobre cooperativas
Geographic subdivision Colombia
9 (RLIN) 8798
650 14 - SUBJECT ADDED ENTRY--TOPICAL TERM
Topical term or geographic name entry element Cooperativismo
General subdivision legislación
Geographic subdivision Colombia
9 (RLIN) 8799
942 ## - ADDED ENTRY ELEMENTS (KOHA)
Source of classification or shelving scheme Dewey Decimal Classification
Koha item type Books
Existencias
Withdrawn status Lost status Source of classification or shelving scheme Damaged status Not for loan Collection code Home library Current library Date acquired Source of acquisition Full call number Barcode Date last seen Copy number Koha item type
    Dewey Decimal Classification     Non-fiction Biblioteca Pública José María del Castillo y Rada Biblioteca Pública José María del Castillo y Rada 08/28/2018 Donación 344.86102026 / C718l 201808875 05/16/2024 Ej.1 Books